|
|
|
|
| LEADER |
00882nam a2200217 a 4500 |
| 001 |
4629594 |
| 008 |
090827s1985 stka b 001 0 eng d |
| 010 |
|
|
|a 78040332
|
| 020 |
|
|
|a 0443030219
|
| 040 |
|
|
|a DLC
|c DLC
|d DLC
|
| 082 |
0 |
0 |
|a 362.1/0425
|2 19
|
| 245 |
0 |
0 |
|a Recent advances in community medicine /
|c edited by Alwyn Smith.
|
| 260 |
|
|
|a Edinburgh ;
|a New York :
|b Churchill Livingstone ;
|a New York :
|b distributed by Longman,
|c 1985
|
| 300 |
|
|
|a 310 p.:
|b ill. ;
|c 24 cm.
|
| 504 |
|
|
|a Includes bibliographies and index.
|
| 541 |
1 |
|
|e 00004088
|
| 650 |
|
0 |
|a Community health services.
|
| 700 |
1 |
|
|a Smith,Alwyn.
|
| 852 |
4 |
|
|a Ayesha Abed Library
|j General Shelf.
|
| 999 |
|
|
|c 3793
|d 3793
|
| 952 |
|
|
|0 0
|1 0
|2 ddc
|4 0
|6 362_104250000000000_REC_1985
|7 0
|9 3445
|a BRACUL
|b BRACUL
|c GEN
|d 2009-09-05
|g 0.00
|l 0
|o 362.10425 REC
|p 3010004088
|r 2009-09-05
|t 1
|w 2009-09-05
|y BK
|x No price found in the accession register.
|